书目信息 |
| 题名: |
中华百年经典散文
|
|
| 作者: | 张胜友 , 蒋和欣 主编 | |
| 分册: | 闲情谐趣卷 | |
| 出版信息: | 北京 作家出版社 2004.03 |
|
| 页数: | 587页 | |
| 开本: | 21cm | |
| 丛书名: | ||
| 单 册: | ||
| 中图分类: | I266 | |
| 科图分类: | ||
| 主题词: | 散文--作品集--中国--现代 , 散文--作品集--中国--当代 | |
| 电子资源: | ||
| ISBN: | 7-5063-2897-6 | |
| 000 | 00771nam1 2200253 45 | |
| 001 | 012004000000 | |
| 005 | 20041028154623.56 | |
| 010 | @a7-5063-2897-6@dCNY 35.00 | |
| 100 | @a20040910d2004 em y0chiy0121 ea | |
| 101 | 0 | @achi |
| 102 | @aCN@b110000 | |
| 105 | @aa z 000cy | |
| 200 | 1 | @a中华百年经典散文@Azhong hua bai nian jing dian san wen@i闲情谐趣卷@f张胜友, 蒋和欣主编 |
| 210 | @a北京@c作家出版社@d2004.03 | |
| 215 | @a587页@c图@d21cm | |
| 300 | @a全面展示20世纪中华散文创作的成绩 | |
| 517 | 1 | @a闲情谐趣卷 |
| 606 | 0 | @a散文@j作品集@y中国@z现代 |
| 606 | 0 | @a散文@j作品集@y中国@z当代 |
| 690 | @aI266@v4 | |
| 701 | 0 | @a张胜友@Azhang sheng you@4主编 |
| 701 | 0 | @a蒋和欣@Ajiang he xin@4主编 |
| 801 | 0 | @aCN@bQSSKt@c20041028 |
| 905 | @a10447@dI266@eZ1603 | |
| 中华百年经典散文.闲情谐趣卷/张胜友, 蒋和欣主编.-北京:作家出版社,2004.03 |
| 587页:图;21cm |
| 全面展示20世纪中华散文创作的成绩 |
| ISBN 7-5063-2897-6:CNY 35.00 |
| ● |
| 相关链接 |
|
|
|
正题名:中华百年经典散文
索取号:I266/Z1603
 
预约/预借
| 序号 | 登录号 | 条形码 | 馆藏地/架位号 | 状态 | 备注 |
| 1 | 423724 | 204237245 | 社科二线400B/400B社科库 26排4列6层/ [索取号:I266/Z1603] | 在馆 | |
| 2 | 423725 | 204237254 | 文学库116/116文学库 2排2列3层/ [索取号:I266/Z1603] | 在馆 |